Θεωρία της γλώσσας
Αποθηκεύτηκε σε:
| Άλλοι συγγραφείς: | |
|---|---|
| Μορφή: | Βιβλίο |
| Γλώσσα: | Greek |
| Δημοσίευση: |
Αθήνα :
Imago,
1982.
|
| Σειρά: | Imago (Σειρά). Σπουδές.
|
| Θέματα: | |
| Ετικέτες: |
Προσθήκη ετικέτας
Δεν υπάρχουν, Καταχωρήστε ετικέτα πρώτοι!
|
MARC
| LEADER | 00000cam a2200000 i 4500 | ||
|---|---|---|---|
| 001 | 1/34257 | ||
| 008 | 960328s1982 gr | ||| |||| ||gre|| | ||
| 035 | |l 10024083 | ||
| 040 | |a GR-MyUa |b gre |e AACR2 | ||
| 041 | 0 | |a gre | |
| 082 | 7 | |a 149.94 |2 (22) | |
| 245 | 0 | 0 | |a Θεωρία της γλώσσας / |c Παν. Δρακόπουλος... [κ.ά.]. |
| 260 | |a Αθήνα : |b Imago, |c 1982. | ||
| 300 | |a 247 σ. ; |c 24 εκ. | ||
| 490 | 1 | |a (Imago (Σειρά). Σειρά Β', Σπουδές) | |
| 650 | 0 | 0 | |a Linguistics. |
| 650 | 0 | |a Language and languages |x Philosophy. | |
| 700 | 1 | |a Δρακόπουλος, Παναγιώτης, |d 1941-2021. | |
| 830 | 0 | |a Imago (Σειρά). |n Σειρά Β', |p Σπουδές. | |
| 852 | |a INST |b CHIOS |e 19960328 |h 149.94 ΘΕΩ |p 005200006669 |q 005200006669 |t BK |y 0 | ||